000 01904nam a22002777a 4500
003 NALT
005 20251125233019.0
008 s2549 th tha d
020 _a9749462300
040 _aNALT
041 _atha
090 _aKD265
_bส226ป 2549
110 0 _aสำนักงานเลขาธิการสภาผู้แทนราษฎร
245 1 0 _aประมวลคำวินิจฉัยของประธานในที่ประชุมร่วมกันของรัฐสภา (ระหว่างวันที่ 7 มีนาคม ถึง 15 ธันวาคม 2548) /
_cสำนักงานเลขาธิการสภาผู้แทนราษฎร.
260 _aกรุงเทพฯ :
_bสำนักการพิมพ์ สำนักงานเลขาธิการสภาผู้แทนราษฎร,
_c2549.
300 _a61 หน้า ;
_c26 ซม.
610 _aสำนักงานเลขาธิการสภาผู้แทนราษฎร. สำนักประชาสัมพันธ์
650 0 4 _aประธานรัฐสภา -- คำวินิจฉัย
650 0 4 _aการประชุมรัฐสภา -- คำวินิจฉัย
650 0 4 _aการประชุมร่วมกันของรัฐสภา -- คำวินิจฉัย
650 0 4 _aการประชุมร่วมกันของรัฐสภา -- คำวินิจฉัยการประชุมรัฐสภา -- คำวินิจฉัยประธานรัฐสภา -- คำวินิจฉัย
850 _aNALT
856 4 0 _uhttps://hdl.handle.net/20.500.14156/461607
942 _cLB
_2local
998 _c103
_j909
_k สุพัณดา สุภาพ
999 _c51128
_d51128